• 首页
  • 本馆介绍
  • 公告通知
  • 最新文献
  • 馆藏检索
  • 电子资源
  • 读者导购
  • 参考咨询
  • 我的图书馆
  • 登录
  • 详细信息显示
  • 放入我的书架
  • 预约/预借图书
  • 作者相关作品
  • 分类相关作品
  • 丛书相关作品
  • 出版社相关作品

书目信息

  • 表格格式
  • 工作单格式
  • 卡片格式
题名:
中国现代小说流派史
    
 
作者: 王才路 著
分册:  
出版信息: 天津   天津人民出版社  1995.08
页数: 442页
开本: 20cm
丛书名:
单 册:
中图分类: I207.409
科图分类:
主题词: 文学--中国
电子资源:
ISBN: 7-201-02107-9
000 00588nam0 2200193 450
001 0858259190
005 20080916161411.21
010    @a7-201-02107-9@dCNY16.90
100    @a20080916d1995 km y0chiy0120 ea
101 0  @achi
102    @aCN@b120000
200 1  @a中国现代小说流派史@Azhong guo xian dai xiao shuo liu pai shi@f王才路著@Fwang cai lu zhu
210    @a天津@c天津人民出版社@d1995.08
215    @a442页@d20cm
606 0  @a文学@x中国
690    @aI207.409@v4
701  0 @a王才路@Awang cai lu@4著
801  0 @aCN@b大连网信软件有限公司图书馆·11@c20080916
905    @aBZT@dI207.409@e147
    
    中国现代小说流派史/王才路著.-天津:天津人民出版社,1995.08
    442页;20cm
    
    
    ISBN 7-201-02107-9:CNY16.90
    
●
相关链接 在五车中查询图书 在当当中查询图书 在豆瓣中查询图书


正题名:中国现代小说流派史     索取号:I207.409/147         预约/预借

序号 登录号 条形码 馆藏地/架位号 状态 备注
1 066146   201275967   中心书库中库/打包BH0951/ [索取号:I207.409/147] 在馆    
2 066147   201275976   中心书库中库/打包BH0951/ [索取号:I207.409/147] 在馆    
3 066148   201275958   中心书库中库/打包BH0951/ [索取号:I207.409/147] 在馆    
山东省滨州职业学院图书馆 欢迎您!
大连网信软件有限公司© 版权所有